Sociología industrial (Record no. 176036)

MARC details
000 -LEADER
campo de control de longitud fija 00970nam a22002535i 4500
001 - NÚMERO DE CONTROL
campo de control 176036
003 - IDENTIFICADOR DE NÚMERO DE CONTROL
campo de control ES-MaACL
005 - FECHA Y HORA DE LA ÚLTIMA TRANSACCIÓN
campo de control 20230906215954.0
008 - DATOS DE LONGITUD FIJA--INFORMACIÓN GENERAL
campo de control de longitud fija 101213s1966 sp |||| | spa d
080 ## - NÚMERO DE LA CLASIFICACIÓN DECIMAL UNIVERSAL
Número de la Clasificación Decimal Universal 316.334.2
100 1# - ENTRADA PRINCIPAL--NOMBRE DE PERSONA
Nombre de persona Schneider, Eugene V.
9 (RLIN) 144256
245 10 - MENCIÓN DEL TÍTULO
Título Sociología industrial
Resto del título : relaciones sociales entre la industria y la comunidad /
Mención de responsabilidad, etc. Eugene V. Schneider ; [lo tradujo al castellano José C. Castillo].
260 ## - PUBLICACIÓN, DISTRIBUCIÓN, ETC.
Lugar de publicación, distribución, etc. Madrid :
Nombre del editor, distribuidor, etc. Guadarrama,
Fecha de publicación, distribución, etc. D. L. 1966.
300 ## - DESCRIPCIÓN FÍSICA
Extensión 763 p. ;
Dimensiones 22 cm.
490 1# - MENCIÓN DE SERIE
Mención de serie Biblioteca de ciencias humanas ;
Designación de volumen o secuencia 2
500 ## - NOTA GENERAL
Nota general Índice.
504 ## - NOTA DE BIBLIOGRAFÍA, ETC.
Nota de bibliografía, etc. Bibliografía: p. 701-741.
594 ## - Nota al título y mención de responsabilidad
Nota al título y mención de responsabilidad Tít. original: Industrial Sociology : the Social Relations of Industry and The Community.
650 04 - PUNTO DE ACCESO ADICIONAL DE MATERIA--TÉRMINO DE MATERIA
Término de materia o nombre geográfico como elemento de entrada Sociología industrial.
9 (RLIN) 17214
700 0# - ENTRADA AGREGADA--NOMBRE PERSONAL
Nombre de persona Castillo Castillo, José.
9 (RLIN) 36731
830 0# - PUNTO DE ACCESO ADICIONAL DE SERIE-TÍTULO UNIFORME
Título uniforme Biblioteca de ciencias humanas ;
Designación de volumen o secuencia 2
9 (RLIN) 189910
852 ## - LOCALIZACIÓN
Ubicación ES-MaACL
Número de control de estantería E-13772
Encuadernación Olim P-1350
Holdings
Estatus retirado Estado de pérdida Estado de daño No para préstamo Biblioteca de origen Biblioteca actual Ubicación en estantería Fecha de adquisición Fuente de adquisición Total de préstamos Signatura topográfica completa Código de barras Visto por última vez Precio de reemplazo Tipo de ítem Koha
        Biblioteca del Ateneo de Madrid Biblioteca del Ateneo de Madrid Depósito 2 13/12/2010     E-13772 1184874 23/02/2023 23/02/2023 Libro impreso